Loading...
| Beliefs | 0 | 2 | 0 | 0 | 20 | 97 | 108.00 | 0 | 2 |
| Geography | 1 | 0 | 0 | 0 | 15 | 65 | 65.00 | 1 | 1 |
| Ancient History and Archaeology | 0 | 1 | 0 | 1 | 10 | 135 | 135.00 | 0 | 1 |
| Fine Arts - Auditory Fine Arts | 0 | 1 | 0 | 0 | 10 | 123 | 123.00 | 0 | 1 |
| History - European History | 0 | 1 | 0 | 0 | 10 | 106 | 106.00 | 0 | 1 |
| Literature - British Literature | 0 | 1 | 0 | 0 | 10 | 88 | 88.00 | 1 | 1 |
| Other Science: Computer Science | 0 | 1 | 0 | 0 | 10 | 135 | 135.00 | 0 | 1 |
| Fine Arts - Visual Fine Arts | 0 | 1 | 1 | 0 | 5 | 103 | 103.00 | 0 | 1 |
| Science - Biology | 0 | 0 | 0 | 0 | 0 | 0.00 | 0 | 0 | |
| World and Other Literature | 0 | 0 | 0 | 0 | 0 | 0.00 | 0 | 0 | |
| Literature - European Literature | 0 | 0 | 1 | 0 | -5 | 0.00 | 0 | 0 | |
| History - American History | 0 | 0 | 1 | 0 | -5 | 0.00 | 0 | 0 |